00230nam a2200097Ia 4500008004100000100000900041245003300050260002500083942000700108999001700115190216s9999||||xx |||||||||||||| ||und|| aNull 0aHindi-Hindi Ke Samasya Natak bAbhinav Publications cBK c17525d17525